000 01385nab a22002177a 4500
999 _c5812
_d5812
003 OSt
005 20260106231108.0
008 190514b xxu||||| |||| 00| 0 spa d
040 _cPJ
100 _96721
_aSarquis, Lorena
245 1 0 _aAdopción de niños, niñas y adolescentes en situación de discapacidad :
_baportes desde una mirada crítica para la garantía del derecho humano a vivir en familia /
_cLorena Sarquis, Camila Beguiristain.
300 _ap. 58-75
505 _aSumario: I. Nuestro objetivo.— II. Enfoque de derechos humanos y las perspectivas de niñez y discapacidad en clave interseccional.— III. Repercusiones en las medidas excepcionales de protección de derechos.— IV. Garantías mínimas de procedimiento, relectura en clavede discapacidad: ajustes para garantizar el derecho humano a vivir en familia.— V. El camino hacia la adopción.— VI. Repercusiones en las niñeces y adolescencias con discapacidad psicosocial o intelectual.— VII. Palabras de cierre.
505 _tSi te interesa el texto, comunicate a koha@justierradelfuego.gov.ar
650 0 _9614
_aDERECHOS HUMANOS
650 0 _9974
_aADOPCIÓN
650 0 _93271
_aPERSONAS CON DISCAPACIDAD
700 _95951
_aBeguiristain, Camila
_ecoautor
773 0 _02844
_93222
_dBuenos Aires : AbeledoPerrot, 1989-
_tDerecho de familia. N° 117 - Noviembre 2024
_z18511201
942 _2udc
_cANA